| 000 | 00914cam a22002891 4500 | ||
|---|---|---|---|
| 999 |
_c57604 _d57604 |
||
| 001 | 8470881 | ||
| 005 | 20200813120254.0 | ||
| 008 | 721027s1966 mnu b 000 0 eng | ||
| 010 | _a 66018867 | ||
| 015 | _aGB67-10757 | ||
| 035 | _a(OCoLC)478712 | ||
| 040 |
_aDLC _cODaWU _dOCoLC _dUk _dDLC |
||
| 041 | _aeng | ||
| 050 | 0 | 0 |
_aF291 _b.C66 |
| 080 | _a94(479.22) C-74 | ||
| 082 | _a975.804 | ||
| 100 | 1 |
_aConway, Alan, _d1920-2003. _99196 |
|
| 245 | 1 | 4 | _aThe reconstruction of Georgia. |
| 264 |
_aMinneapolis, _bUniversity of Minnesota Press _c[1966]. |
||
| 300 |
_avi, 248 p. _c24 cm. |
||
| 504 | _aBibliography: p. [233]-237. | ||
| 650 | 0 |
_aReconstruction (U.S. history, 1865-1877) _zGeorgia. _99197 |
|
| 653 | _aსაქართველოს რეკონსტრუქცია | ||
| 653 | _aისტორია | ||
| 906 |
_a7 _bcbc _coclcrpl _du _encip _f19 _gy-gencatlg |
||
| 942 |
_2udc _cBK |
||